000 00317nam a22001337a 4500
008 180208b xxu||||| |||| 00| 0 eng d
020 _a9781428352933
041 _aeng
080 _a371
100 _a46
101 _aEDU
245 _aSafety, Nutrition and Health in Early Education
_cRoberts, C
942 _2udc
_cBK
999 _c42068
_d42068